000 00392nam a2200133Ia 4500
008 191111s9999 xx 000 0 und d
020 _a9781446272596
100 _aBingham, Cecile.
245 _cCecile Bingham.--
_aEmployment relations :
_bfairness & trust in the workplace /
260 _aUSA :
_bSage
_c2016
300 _axiii, 369 pages.
650 _aEmployment
650 _aHuman Capital
999 _c362688
_d362688